[Event "CYCC U10"]
[Site "Calgary CAN"]
[Date "2023.07.22"]
[Round "7.183"]
[White "Wu, Freddie"]
[Black "Vallabhajosyula, Srikarthikeya"]
[Result "1/2-1/2"]
[WhiteElo "1337"]
[BlackElo "837"]
[PlyCount "76"]
[EventDate "2023.07.19"]
[EventType "swiss"]
[EventRounds "7"]
[EventCountry "CAN"]

1. e4 e5 2. Nf3 Nc6 3. Bc4 Bc5 4. c3 Nf6 5. Ng5 O-O 6. O-O h6 7. Nf3 Nxe4 8.
Re1 Nd6 9. Bd5 Re8 10. Bxc6 dxc6 11. Nxe5 Qf6 12. d4 Bb6 13. Be3 a6 14. Nd2 Bf5
15. c4 Ba7 16. c5 Ne4 17. f3 Nxd2 18. Qxd2 Rad8 19. Rad1 Bxc5 20. Qc3 Bb6 21.
Rd2 c5 22. f4 cxd4 23. Bxd4 Bxd4+ 24. Rxd4 Qb6 25. Red1 Rxd4 26. Rxd4 Rd8 27.
Nf3 Bg4 28. Kf1 Qb5+ 29. Kg1 Rxd4 30. Qxd4 Qb6 31. Qxb6 cxb6 32. Ne5 Be6 33. a3
Kf8 34. Kf2 Ke7 35. Ke3 f5 36. b4 a5 37. g3 g5 38. fxg5 hxg5 1/2-1/2

[Event "CYCC U10"]
[Site "Calgary CAN"]
[Date "2023.07.22"]
[Round "7.184"]
[White "Surendran, Siddharth"]
[Black "Li, Markus"]
[Result "1-0"]
[WhiteElo "961"]
[BlackElo "725"]
[PlyCount "53"]
[EventDate "2023.07.19"]
[EventType "swiss"]
[EventRounds "7"]
[EventCountry "CAN"]

1. e4 e5 2. Nf3 Nc6 3. d4 exd4 4. Bc4 h6 5. O-O Bc5 6. c3 dxc3 7. Bxf7+ Kxf7 8.
Qd5+ Ke8 9. Qh5+ Kf8 10. Qxc5+ d6 11. Qxc3 Nf6 12. Re1 Qe8 13. Qc2 Qg6 14. Bf4
d5 15. Qc5+ Kg8 16. exd5 Bh3 17. Bg3 Ne4 18. Qc4 Nd6 19. Qh4 Bxg2 20. Kxg2 Na5
21. Nc3 b6 22. Qe7 Rc8 23. Qe6+ Qxe6 24. dxe6 Re8 25. Bxd6 cxd6 26. Nb5 Re7 27.
Nxd6 1-0

[Event "CYCC U10"]
[Site "Calgary CAN"]
[Date "2023.07.22"]
[Round "7.188"]
[White "Bhaumik, Rishi"]
[Black "Liao, Max"]
[Result "0-1"]
[WhiteElo "995"]
[BlackElo "742"]
[PlyCount "126"]
[EventDate "2023.07.19"]
[EventType "swiss"]
[EventRounds "7"]
[EventCountry "CAN"]

1. e4 c6 2. d4 d5 3. f3 Nf6 4. Nc3 e6 5. Bg5 Be7 6. Bxf6 Bxf6 7. e5 Be7 8. Bd3
O-O 9. g4 c5 10. Nge2 cxd4 11. Nxd4 Bc5 12. Ndb5 Qb6 13. Qe2 a6 14. Nd6 Bxd6
15. exd6 Qxd6 16. O-O-O Nc6 17. h4 Nb4 18. h5 Nxd3+ 19. Qxd3 Bd7 20. h6 g6 21.
Qd4 f6 22. g5 Qe5 23. Qf2 Qxg5+ 24. Kb1 Qe5 25. Rdg1 Qf5 26. Rg3 Rac8 27. Qg2
Bc6 28. Ne2 e5 29. Rh4 d4 30. Nc1 Ba4 31. Nd3 Bxc2+ 32. Qxc2 Rxc2 33. Kxc2 Rc8+
34. Kd2 Qd7 35. f4 Qc7 36. fxe5 fxe5 37. Re4 Re8 38. Rg1 Rc8 39. Rc1 Qa5+ 40.
b4 Qxa2+ 41. Kd1 Rxc1+ 42. Kxc1 Qc4+ 43. Kd2 Qc3+ 44. Ke2 Qc2+ 45. Ke1 Qxd3 46.
Re2 Qxe2+ 47. Kxe2 e4 48. b5 axb5 49. Kd1 e3 50. Ke1 d3 51. Kd1 d2 52. Ke2 b4
53. Kf3 d1=Q+ 54. Kxe3 Qd5 55. Kf4 b3 56. Ke3 Qc4 57. Kd2 Kf7 58. Ke3 b2 59.
Kd2 b1=R 60. Ke3 Qa4 61. Kd2 Qa3 62. Kc2 Rb2+ 63. Kd1 Qa1# 0-1

[Event "CYCC U10"]
[Site "Calgary CAN"]
[Date "2023.07.22"]
[Round "7.189"]
[White "Law, Jesse"]
[Black "Delgashev, Victor"]
[Result "1-0"]
[WhiteElo "978"]
[BlackElo "673"]
[PlyCount "63"]
[EventDate "2023.07.19"]
[EventType "swiss"]
[EventRounds "7"]
[EventCountry "CAN"]

1. e4 e6 2. d4 d5 3. exd5 exd5 4. Nf3 Nc6 5. c4 dxc4 6. Bxc4 Nf6 7. h3 Be7 8.
Nc3 O-O 9. O-O Re8 10. Be3 Bf5 11. Qd2 Ne4 12. Nxe4 Bxe4 13. Ng5 Bd5 14. Bxd5
Qxd5 15. f4 h6 16. Nf3 Bb4 17. Qd3 Rad8 18. Rad1 Qxa2 19. Ne5 Nxe5 20. fxe5
Rxe5 21. Bf4 Red5 22. Qg3 Kh7 23. Bxc7 R8d7 24. Be5 f6 25. Qd3+ Kg8 26. Bf4 Bc5
27. Qg6 Bxd4+ 28. Kh1 Qxb2 29. Bxh6 a5 30. Rc1 a4 31. Rc8+ Rd8 32. Qxg7# 1-0

[Event "CYCC U10"]
[Site "Calgary CAN"]
[Date "2023.07.22"]
[Round "7.190"]
[White "Schaffer, Gavin"]
[Black "Ha, Benjamin"]
[Result "0-1"]
[WhiteElo "823"]
[BlackElo "601"]
[PlyCount "184"]
[EventDate "2023.07.19"]
[EventType "swiss"]
[EventRounds "7"]
[EventCountry "CAN"]

1. e4 e5 2. Nf3 Nc6 3. d4 Nf6 4. Nc3 Bb4 5. dxe5 Bxc3+ 6. bxc3 Nxe4 7. c4 O-O
8. Bd3 Nc5 9. O-O Nxd3 10. cxd3 f6 11. Ba3 Re8 12. exf6 Qxf6 13. Re1 Rxe1+ 14.
Qxe1 g6 15. Rb1 d6 16. Bb2 Qf7 17. Ng5 Qf5 18. Qe8+ Qf8 19. Nxh7 Qxe8 20. Nf6+
Kf7 21. Nxe8 Kxe8 22. Re1+ Kf7 23. d4 Na5 24. c5 dxc5 25. dxc5 b6 26. Bc3 Nc6
27. h4 bxc5 28. f3 Be6 29. g4 Bxa2 30. h5 gxh5 31. gxh5 Rg8+ 32. Kf2 Nd4 33.
Ra1 Bd5 34. Rxa7 Rc8 35. Ra5 Bxf3 36. Rxc5 Bxh5 37. Rxh5 Rf8 38. Bxd4 Kg6+ 39.
Kg3 Kxh5 40. Bc5 Rg8+ 41. Kf4 Rg4+ 42. Ke3 Rc4 43. Bd4 c5 44. Bf6 Kg6 45. Kd3
Ra4 46. Be7 c4+ 47. Kc3 Ra7 48. Bc5 Ra4 49. Bb4 Kf5 50. Kxc4 Ke4 51. Kc5 Kd3
52. Kb5 Ra8 53. Kc5 Rc8+ 54. Kd5 Kc2 55. Kd4 Kb3 56. Bd6 Rd8 57. Ke5 Re8+ 58.
Kd5 Kc3 59. Be5+ Kd3 60. Bc7 Rh8 61. Be5 Rh5 62. Ke6 Ke4 63. Bc3 Rh6+ 64. Bf6
Kf4 65. Kf7 Kf5 66. Bg7 Rh7 67. Kg8 Kg6 68. Bh8 Ra7 69. Kf8 Ra8+ 70. Ke7 Rxh8
71. Ke6 Rh5 72. Kd6 Rf5 73. Ke6 Kg5 74. Kd6 Kf6 75. Kc6 Re5 76. Kd6 Re1 77. Kd5
Re8 78. Kd4 Kf5 79. Kd5 Rd8+ 80. Kc4 Ke5 81. Kc5 Rc8+ 82. Kb6 Rc1 83. Kb5 Kd4
84. Kb6 Kd5 85. Kb7 Kd6 86. Kb6 Rb1+ 87. Ka5 Rb8 88. Ka4 Kc5 89. Ka3 Kc4 90.
Ka2 Kc3 91. Ka1 Kc2 92. Ka2 Ra8# 0-1

[Event "CYCC U10"]
[Site "Calgary CAN"]
[Date "2023.07.22"]
[Round "7.191"]
[White "Syed, Farhaan"]
[Black "Singh, Aarav"]
[Result "1-0"]
[WhiteElo "794"]
[BlackElo "602"]
[PlyCount "93"]
[EventDate "2023.07.19"]
[EventType "swiss"]
[EventRounds "7"]
[EventCountry "CAN"]

1. d4 d5 2. c4 Nf6 3. Nf3 e6 4. Nc3 Bb4 5. Bg5 O-O 6. Qb3 Bxc3+ 7. bxc3 Nc6 8.
Bxf6 Qxf6 9. cxd5 exd5 10. Qxd5 Rd8 11. Qg5 Qe6 12. e3 Re8 13. Bb5 a6 14. Bxc6
Qxc6 15. Qc5 Qg6 16. O-O b6 17. Qxc7 Bh3 18. Qg3 Bg4 19. h3 Bxf3 20. Qxg6 fxg6
21. gxf3 Rf8 22. f4 Rac8 23. Rac1 Rf5 24. Kg2 Ra5 25. Rc2 Ra4 26. Re1 b5 27. e4
b4 28. c4 h6 29. e5 Kf8 30. d5 g5 31. f5 Rc7 32. c5 Rf7 33. c6 Rc7 34. d6 Rc8
35. d7 Rd8 36. c7 Rxd7 37. c8=Q+ Ke7 38. f6+ gxf6 39. exf6+ Kd6 40. Rd1+ Ke6
41. Rxd7 Kxf6 42. Qe8 Ra5 43. Rf7+ Kg6 44. Rc6+ Kh5 45. Rxh6+ Kxh6 46. Qg8 Kh5
47. Rh7# 1-0

[Event "CYCC U10"]
[Site "Calgary CAN"]
[Date "2023.07.22"]
[Round "7.195"]
[White "Jin, Eric"]
[Black "Tsukerman, Leon"]
[Result "0-1"]
[WhiteElo "663"]
[BlackElo "661"]
[PlyCount "48"]
[EventDate "2023.07.19"]
[EventType "swiss"]
[EventRounds "7"]
[EventCountry "CAN"]

1. c4 c5 2. Nc3 Nc6 3. g3 g6 4. Bg2 Bg7 5. Nf3 e6 6. O-O Nge7 7. d3 O-O 8. Bf4
d6 9. Nb5 Nf5 10. e4 Nfd4 11. Bxd6 Nxf3+ 12. Qxf3 Nd4 13. Bc7 Nxf3+ 14. Bxf3
Qxd3 15. Bd6 Rd8 16. Rfd1 Qxf3 17. Bxc5 Rxd1+ 18. Rxd1 Qxd1+ 19. Kg2 e5 20. Nc3
Qg4 21. f3 Qh3+ 22. Kh1 Qf1+ 23. Bg1 Bh3 24. Ne2 Bg2# 0-1

[Event "CYCC U10 w"]
[Site "Calgary CAN"]
[Date "2023.07.19"]
[Round "1.154"]
[White "Wang, Elsa"]
[Black "Zhang, Michelle"]
[Result "0-1"]
[WhiteElo "830"]
[BlackElo "1734"]
[PlyCount "66"]
[EventDate "2023.07.19"]
[EventType "swiss"]
[EventRounds "7"]
[EventCountry "CAN"]

1. e4 c6 2. Nf3 d5 3. exd5 cxd5 4. d4 Nc6 5. Nc3 Nf6 6. Be2 Bf5 7. Bf4 e6 8.
Nh4 Bg6 9. Nxg6 hxg6 10. Qd2 Bb4 11. a3 Ne4 12. Qd3 Nxc3 13. bxc3 Bd6 14. Bxd6
Qxd6 15. h3 O-O 16. O-O Rac8 17. a4 Rc7 18. Rfd1 Rfc8 19. c4 dxc4 20. Qxc4 Ne7
21. Qb5 Rxc2 22. Bf3 b6 23. Be4 R2c7 24. a5 bxa5 25. Qxa5 Nf5 26. Rab1 Qf4 27.
Qe1 Nd6 28. Bf3 Rc2 29. Qb4 Nc4 30. Qb7 Nd2 31. Bg4 Nxb1 32. Qxb1 Qxf2+ 33. Kh1
Qxg2# 0-1

[Event "CYCC U10 w"]
[Site "Calgary CAN"]
[Date "2023.07.19"]
[Round "1.155"]
[White "Qian, Ashley"]
[Black "Vigurs, Sofia"]
[Result "1-0"]
[WhiteElo "1711"]
[BlackElo "824"]
[PlyCount "91"]
[EventDate "2023.07.19"]
[EventType "swiss"]
[EventRounds "7"]
[EventCountry "CAN"]

1. e4 e5 2. Nf3 Nc6 3. d4 exd4 4. Nxd4 Bc5 5. Nb3 Bb6 6. Nc3 Nf6 7. Bg5 h6 8.
Bh4 g5 9. Bg3 d6 10. Be2 Qe7 11. Bd3 h5 12. h4 g4 13. O-O Bd7 14. a4 a6 15. Qe2
Nb4 16. Rfe1 Nxd3 17. Qxd3 O-O-O 18. Qc4 Be6 19. Nd5 Bxd5 20. exd5 Qd7 21. Nd4
Rhe8 22. Rxe8 Rxe8 23. a5 Ba7 24. Nc6 Bc5 25. b4 bxc6 26. Qxa6+ Kd8 27. dxc6
Qe6 28. bxc5 dxc5 29. Qb7 Ke7 30. Qxc7+ Kf8 31. a6 Nd5 32. Qd6+ Qxd6 33. Bxd6+
Kg8 34. a7 Ra8 35. Bxc5 f5 36. Rb1 Kf7 37. Rb8 Nc7 38. Rb7 Ke8 39. Rxc7 Kd8 40.
Rb7 f4 41. Rb8+ Kc7 42. Rxa8 f3 43. Rc8+ Kxc8 44. a8=Q+ Kc7 45. Qb7+ Kd8 46.
Qd7# 1-0

[Event "CYCC U10 w"]
[Site "Calgary CAN"]
[Date "2023.07.19"]
[Round "1.156"]
[White "Peng, Anny"]
[Black "Fu, Ashley"]
[Result "0-1"]
[WhiteElo "561"]
[BlackElo "1119"]
[PlyCount "104"]
[EventDate "2023.07.19"]
[EventType "swiss"]
[EventRounds "7"]
[EventCountry "CAN"]

1. e4 e5 2. Nf3 Nc6 3. Nc3 Bc5 4. Bc4 d6 5. O-O Bg4 6. h3 Bh5 7. d3 Nd4 8. g4
Bg6 9. Nh4 Qxh4 10. Kh2 h5 11. g5 f6 12. Rg1 Qxf2+ 13. Rg2 Qh4 14. Bxg8 Rxg8
15. Nd5 Bb6 16. Be3 Bf7 17. c3 Bxd5 18. cxd4 Be6 19. Qf3 exd4 20. Bf2 Bg4 21.
Bxh4 Bxf3 22. Rg3 fxg5 23. Bxg5 Rf8 24. Rf1 Be2 25. Rxf8+ Kxf8 26. Kg2 Bd1 27.
Kf2 Ba4 28. Rf3+ Kg8 29. Rg3 Rf8+ 30. Kg2 Kh8 31. Be7 Rf7 32. Bg5 c5 33. b3 Bc6
34. Rf3 Rd7 35. Rf8+ Kh7 36. Kf3 Bb5 37. Ke2 Bc7 38. Rf3 d5 39. exd5 Rxd5 40.
Rf7 Re5+ 41. Kf3 Ba5 42. Kf4 Re3 43. Bf6 Kg6 44. Rxb7 Be1 45. Rxg7+ Kxf6 46.
Rg8 Bc6 47. Rf8+ Kg7 48. Kg5 Kxf8 49. Kxh5 Rg3 50. Kh4 Rg1+ 51. Kh5 Kg7 52. h4
Be8# 0-1

[Event "CYCC U10 w"]
[Site "Calgary CAN"]
[Date "2023.07.19"]
[Round "1.157"]
[White "Fang, Chelsea"]
[Black "Li, Elena"]
[Result "1-0"]
[WhiteElo "975"]
[BlackElo "457"]
[PlyCount "67"]
[EventDate "2023.07.19"]
[EventType "swiss"]
[EventRounds "7"]
[EventCountry "CAN"]

1. d4 d5 2. c4 Nc6 3. Nc3 Nf6 4. Nf3 e6 5. e3 Be7 6. Be2 Bd7 7. O-O O-O 8. cxd5
exd5 9. Ne5 Na5 10. b3 b6 11. Bb2 Bd6 12. Rc1 Qe8 13. Nb5 Bxb5 14. Bxb5 Qxb5
15. Re1 Rae8 16. f4 c5 17. dxc5 bxc5 18. Rb1 Nd7 19. Qxd5 Bxe5 20. fxe5 Rd8 21.
Bc3 Nb6 22. Qf3 Qd3 23. Bxa5 Rde8 24. Rbd1 Qb5 25. Bc3 c4 26. b4 Qa4 27. Rd2
Rd8 28. Ree2 Qa3 29. Rc2 Rd1+ 30. Re1 Rd3 31. Bd4 c3 32. Qg3 Nc4 33. e6 Re8 34.
Qxg7# 1-0

[Event "CYCC U10 w"]
[Site "Calgary CAN"]
[Date "2023.07.19"]
[Round "2.154"]
[White "Zhang, Michelle"]
[Black "Chen, Karen"]
[Result "1-0"]
[WhiteElo "1734"]
[BlackElo "892"]
[PlyCount "71"]
[EventDate "2023.07.19"]
[EventType "swiss"]
[EventRounds "7"]
[EventCountry "CAN"]

1. e4 e6 2. d4 b6 3. Nf3 Bb7 4. Bd3 d5 5. e5 c5 6. c3 Ne7 7. O-O Nec6 8. a3 Ba6
9. Bxa6 Nxa6 10. b4 Nc7 11. Be3 c4 12. Nbd2 Be7 13. Ne1 O-O 14. f4 f6 15. exf6
Rxf6 16. Nef3 Nb5 17. Qc2 a5 18. Ne5 Nxe5 19. dxe5 Rf8 20. Qb2 axb4 21. axb4
Qd7 22. Bxb6 Rfc8 23. Nf3 Bd8 24. Be3 Qb7 25. Nd4 Nxd4 26. Bxd4 Bb6 27. Qf2
Bxd4 28. Qxd4 Ra6 29. Rxa6 Qxa6 30. f5 exf5 31. Qxd5+ Kh8 32. e6 Re8 33. Qxf5
h6 34. Re1 Qd6 35. e7 Rxe7 36. Qf8+ 1-0

[Event "CYCC U10 w"]
[Site "Calgary CAN"]
[Date "2023.07.19"]
[Round "2.155"]
[White "Huang, Chloe"]
[Black "Qian, Ashley"]
[Result "0-1"]
[WhiteElo "920"]
[BlackElo "1711"]
[PlyCount "136"]
[EventDate "2023.07.19"]
[EventType "swiss"]
[EventRounds "7"]
[EventCountry "CAN"]

1. e4 c5 2. Nf3 d6 3. d4 cxd4 4. Nxd4 Nf6 5. Nc3 a6 6. Bc4 e6 7. Qf3 Nbd7 8.
Bg5 Ne5 9. Qe2 Nxc4 10. Qxc4 Be7 11. O-O O-O 12. Rad1 Bd7 13. Qd3 Qc7 14. Qg3
Nh5 15. Qg4 Bxg5 16. Qxg5 Nf6 17. Rfe1 h6 18. Qg3 Rfd8 19. e5 dxe5 20. Qxe5 Qb6
21. b3 Rac8 22. Ne4 Nxe4 23. Qxe4 Be8 24. Nf3 Bc6 25. Qe3 Qa5 26. a4 Bd5 27. c4
Bc6 28. Ne5 Be8 29. Qg3 b5 30. axb5 axb5 31. cxb5 Qxb5 32. Ng4 Kh7 33. Qf3 Qb4
34. Qe2 Qxb3 35. Rb1 Qc3 36. h3 Rd2 37. Qf3 Qxf3 38. gxf3 Rc3 39. Kg2 Bc6 40.
Ne3 f5 41. Rbc1 Rdd3 42. Red1 Bb7 43. Rxc3 Rxc3 44. Rd7 Bc6 45. Rd6 f4 46. Nf1
Bxf3+ 47. Kg1 e5 48. Re6 e4 49. Nd2 Rc1+ 50. Nf1 Be2 51. Rxe4 Rxf1+ 52. Kg2 f3+
53. Kg3 Rg1+ 54. Kf4 Rg2 55. Kf5 Bd3 56. Kf4 Bxe4 57. Kxe4 Rxf2 58. Ke3 Rf1 59.
h4 g5 60. hxg5 hxg5 61. Kd2 g4 62. Ke3 g3 63. Kd2 g2 64. Ke3 g1=Q+ 65. Kf4 Kg6
66. Ke4 Re1+ 67. Kxf3 Re3+ 68. Kf4 Qg5# 0-1

[Event "CYCC U10 w"]
[Site "Calgary CAN"]
[Date "2023.07.19"]
[Round "2.156"]
[White "Fu, Ashley"]
[Black "McCallum, Siobhan"]
[Result "1-0"]
[WhiteElo "1119"]
[BlackElo "837"]
[PlyCount "83"]
[EventDate "2023.07.19"]
[EventType "swiss"]
[EventRounds "7"]
[EventCountry "CAN"]

1. e4 e5 2. Nf3 Nc6 3. Bc4 Nf6 4. Ng5 d5 5. exd5 Na5 6. Bb5+ c6 7. dxc6 bxc6 8.
Be2 Bc5 9. O-O O-O 10. Nc3 Re8 11. d3 Nd5 12. Nce4 Bb6 13. Kh1 Bb7 14. c4 Nf6
15. b4 Qd4 16. Be3 Qb2 17. Rb1 Qxa2 18. Nc3 Qa3 19. bxa5 Qxa5 20. Bd2 Qc5 21.
Na4 Qd4 22. c5 Bc7 23. Rxb7 Rec8 24. Qb3 Qd5 25. Qc2 h6 26. Nf3 Qd7 27. Nxe5
Qe7 28. Bf4 Nd5 29. Bg3 Qf6 30. Ng4 Qg6 31. Bxc7 Nxc7 32. Ne5 Qe6 33. d4 f6 34.
Bc4 Nd5 35. Nf3 Re8 36. Nc3 Kh8 37. Qb3 Rad8 38. Rxa7 g5 39. Nxd5 cxd5 40. Qb7
Rd7 41. Qxd7 Qxd7 42. Rxd7 1-0

[Event "CYCC U10 w"]
[Site "Calgary CAN"]
[Date "2023.07.19"]
[Round "2.158"]
[White "Li, Meijia"]
[Black "Li, Elena"]
[Result "1-0"]
[WhiteElo "877"]
[BlackElo "457"]
[PlyCount "51"]
[EventDate "2023.07.19"]
[EventType "swiss"]
[EventRounds "7"]
[EventCountry "CAN"]

1. e4 e5 2. Nf3 Nc6 3. Nc3 Nf6 4. Bc4 d6 5. d3 Bd7 6. Bg5 Be7 7. O-O h6 8. Bxf6
Bxf6 9. Nd5 Be7 10. d4 Bf6 11. Nxf6+ gxf6 12. dxe5 fxe5 13. Re1 Na5 14. Bd5 c6
15. Bb3 Qe7 16. Qd3 O-O-O 17. Rad1 Rhg8 18. Qxd6 Qe8 19. Nxe5 b6 20. Bxf7 Qxe5
21. Qxe5 Rg4 22. Be6 Bxe6 23. Qxe6+ Rd7 24. Qxg4 Kc7 25. Rxd7+ Kb8 26. Qg8# 1-0

[Event "CYCC U10 w"]
[Site "Calgary CAN"]
[Date "2023.07.20"]
[Round "3.154"]
[White "Fang, Chelsea"]
[Black "Zhang, Michelle"]
[Result "0-1"]
[WhiteElo "975"]
[BlackElo "1734"]
[PlyCount "66"]
[EventDate "2023.07.19"]
[EventType "swiss"]
[EventRounds "7"]
[EventCountry "CAN"]

1. d4 d5 2. c4 c6 3. Nc3 Nf6 4. Nf3 e6 5. e3 Nbd7 6. Be2 dxc4 7. Bxc4 b5 8. Be2
a6 9. a3 Bb7 10. O-O Be7 11. e4 Nb6 12. b4 a5 13. bxa5 Rxa5 14. Bb2 O-O 15. e5
Nfd5 16. Ne4 Na4 17. Qd2 Nxb2 18. Qxb2 Nf4 19. Rfe1 Qa8 20. Nc5 Bxc5 21. dxc5
Qa7 22. Qc1 Nxe2+ 23. Rxe2 b4 24. Rc2 Ra8 25. Rd2 bxa3 26. Qd1 Rf8 27. Rd8 Qxc5
28. Qd7 Rb5 29. Ng5 Rxd8 30. Qxd8+ Qf8 31. Qxf8+ Kxf8 32. Nxh7+ Kg8 33. Ng5 a2
0-1

[Event "CYCC U10 w"]
[Site "Calgary CAN"]
[Date "2023.07.20"]
[Round "3.155"]
[White "Qian, Ashley"]
[Black "Fu, Ashley"]
[Result "1-0"]
[WhiteElo "1711"]
[BlackElo "1119"]
[PlyCount "85"]
[EventDate "2023.07.19"]
[EventType "swiss"]
[EventRounds "7"]
[EventCountry "CAN"]

1. e4 e5 2. Nf3 Nc6 3. d4 exd4 4. Nxd4 Nf6 5. Nc3 Bb4 6. Nxc6 bxc6 7. Bd3 d5 8.
exd5 cxd5 9. O-O O-O 10. Bg5 Be7 11. Bxf6 Bxf6 12. Qh5 h6 13. Qxd5 Bd7 14. Rad1
c6 15. Qe4 g6 16. Bc4 Kh8 17. Qf3 Kg7 18. Ne4 Be7 19. Qd3 Bf5 20. Qc3+ Bf6 21.
Rxd8 Bxc3 22. Rxf8 Rxf8 23. Nxc3 Bxc2 24. Rc1 Bf5 25. Rd1 Rb8 26. b3 Re8 27. f3
Re3 28. Ne4 Bxe4 29. fxe4 Rxe4 30. Rd7 Rf4 31. Rxa7 c5 32. Rc7 Rf5 33. a4 Rf6
34. a5 h5 35. a6 Rxa6 36. Bxa6 Kh6 37. Rxc5 Kg7 38. b4 Kh6 39. b5 Kg7 40. b6
Kh6 41. b7 Kg7 42. b8=Q Kh6 43. Qh8# 1-0

[Event "CYCC U10 w"]
[Site "Calgary CAN"]
[Date "2023.07.20"]
[Round "3.156"]
[White "Vigurs, Sofia"]
[Black "Huang, Chloe"]
[Result "1-0"]
[WhiteElo "824"]
[BlackElo "920"]
[PlyCount "59"]
[EventDate "2023.07.19"]
[EventType "swiss"]
[EventRounds "7"]
[EventCountry "CAN"]

1. e4 e5 2. Nf3 Nf6 3. Nc3 Nc6 4. Bb5 d6 5. d4 a6 6. Bxc6+ bxc6 7. dxe5 dxe5 8.
Qxd8+ Kxd8 9. Nxe5 Ke8 10. Nxc6 Bb7 11. Ne5 Nxe4 12. O-O Nxc3 13. bxc3 Be7 14.
Re1 Kf8 15. Nd7+ Ke8 16. Nc5 Bc6 17. Ba3 Kf8 18. Nd7+ Bxd7 19. Rxe7 Be6 20.
Rxc7+ Ke8 21. Re7+ Kd8 22. Rd1+ Kc8 23. Bd6 Kd8 24. Bc5+ Kc8 25. Bb6 Kb8 26.
Rb1 Bxa2 27. Rb2 Be6 28. Rc7 Bd5 29. Ba5+ Bb7 30. Rbxb7# 1-0

[Event "CYCC U10 w"]
[Site "Calgary CAN"]
[Date "2023.07.20"]
[Round "3.160"]
[White "Li, Elena"]
[Black "Wang, Elsa"]
[Result "0-1"]
[WhiteElo "457"]
[BlackElo "830"]
[PlyCount "82"]
[EventDate "2023.07.19"]
[EventType "swiss"]
[EventRounds "7"]
[EventCountry "CAN"]

1. e4 e5 2. Nf3 Nc6 3. Nc3 Nf6 4. d3 Be7 5. Be2 d6 6. Bd2 O-O 7. O-O Be6 8. Nb5
a6 9. Nc3 Nd4 10. Nxd4 exd4 11. Na4 b5 12. Bf4 bxa4 13. e5 dxe5 14. Bxe5 c5 15.
Bxf6 Bxf6 16. Qd2 Bg5 17. Qe1 Qf6 18. f3 Qg6 19. Qg3 Rfe8 20. f4 Bf6 21. f5
Qxg3 22. hxg3 Bd5 23. Bf3 Rad8 24. Rae1 Bxa2 25. Rf2 Rxe1+ 26. Rf1 Rxf1+ 27.
Kxf1 Re8 28. Kf2 Bb1 29. c3 dxc3 30. bxc3 Bxc3 31. Bc6 Re5 32. Be4 Re7 33. Ke3
a3 34. Kf4 a2 35. Bd5 a1=Q 36. g4 Re5 37. Bc6 Qb2 38. g5 Qf2+ 39. Kg4 Rxf5 40.
Be4 Qf4+ 41. Kh5 Qxg5# 0-1

[Event "CYCC U10 w"]
[Site "Calgary CAN"]
[Date "2023.07.20"]
[Round "4.154"]
[White "Zhang, Michelle"]
[Black "Qian, Ashley"]
[Result "1/2-1/2"]
[WhiteElo "1734"]
[BlackElo "1711"]
[PlyCount "88"]
[EventDate "2023.07.19"]
[EventType "swiss"]
[EventRounds "7"]
[EventCountry "CAN"]

1. e4 c5 2. Nf3 d6 3. d4 cxd4 4. Nxd4 Nf6 5. Nc3 a6 6. Be2 e5 7. Nb3 Be7 8. Be3
Be6 9. O-O O-O 10. f4 exf4 11. Bxf4 Nc6 12. Qe1 d5 13. e5 Ne4 14. Bd3 Nxc3 15.
bxc3 Rc8 16. Kh1 Bg5 17. Bg3 Be7 18. Rd1 Qc7 19. Nd4 Nxd4 20. cxd4 b5 21. Bh4
h6 22. Bxe7 Qxe7 23. Qg3 Kh8 24. h3 Qa3 25. Qf4 Qe7 26. Kh2 Kg8 27. g4 Qh4 28.
Qg3 Qxg3+ 29. Kxg3 Rc3 30. Ra1 Ra3 31. Rfb1 Ra4 32. c3 Ra3 33. Rb3 Rxb3 34.
axb3 Rc8 35. Rxa6 Rxc3 36. Ra8+ Bc8 37. Kg2 Rxd3 38. Rxc8+ Kh7 39. Rc5 Rxb3 40.
Rxd5 Rd3 41. Rxb5 Rxd4 42. Kg3 Rd3+ 43. Kg2 Rd2+ 44. Kg3 Rd3+ 1/2-1/2

[Event "CYCC U10 w"]
[Site "Calgary CAN"]
[Date "2023.07.20"]
[Round "4.155"]
[White "Fu, Ashley"]
[Black "Vigurs, Sofia"]
[Result "1-0"]
[WhiteElo "1119"]
[BlackElo "824"]
[PlyCount "47"]
[EventDate "2023.07.19"]
[EventType "swiss"]
[EventRounds "7"]
[EventCountry "CAN"]

1. e4 e5 2. Nf3 Nc6 3. d4 exd4 4. Nxd4 Bc5 5. Nb3 Bb6 6. Nc3 Nf6 7. Bg5 h6 8.
Bh4 g5 9. Bg3 d6 10. Bc4 Na5 11. Nxa5 Bxa5 12. Qd3 Qe7 13. O-O-O Bd7 14. Nd5
Nxd5 15. Qxd5 Bb6 16. Qxb7 Rd8 17. e5 dxe5 18. Bxe5 Rf8 19. Rhe1 Be6 20. Bb5+
Rd7 21. Qc8+ Qd8 22. Bxd7+ Bxd7 23. Bf6+ Be6 24. Qxd8# 1-0

[Event "CYCC U10 w"]
[Site "Calgary CAN"]
[Date "2023.07.20"]
[Round "4.156"]
[White "Li, Meijia"]
[Black "Fang, Chelsea"]
[Result "0-1"]
[WhiteElo "877"]
[BlackElo "975"]
[PlyCount "48"]
[EventDate "2023.07.19"]
[EventType "swiss"]
[EventRounds "7"]
[EventCountry "CAN"]

1. e4 c5 2. Nf3 d6 3. Bc4 Nf6 4. d3 g6 5. Bf4 Bg7 6. Nc3 O-O 7. d4 cxd4 8. Nxd4
e5 9. Bg5 exd4 10. Qxd4 Nc6 11. Qe3 Be6 12. Bxe6 fxe6 13. O-O-O a6 14. f4 Qc7
15. Bxf6 Rxf6 16. g4 Rc8 17. Rhf1 Nb4 18. a3 Na2+ 19. Kb1 Nxc3+ 20. Qxc3 Qxc3
21. bxc3 Rxc3 22. Rxd6 Rxa3 23. Rd8+ Rf8 24. Rfd1 Ra1# 0-1

[Event "CYCC U10 w"]
[Site "Calgary CAN"]
[Date "2023.07.20"]
[Round "4.158"]
[White "Huang, Chloe"]
[Black "McCallum, Siobhan"]
[Result "0-1"]
[WhiteElo "920"]
[BlackElo "837"]
[PlyCount "130"]
[EventDate "2023.07.19"]
[EventType "swiss"]
[EventRounds "7"]
[EventCountry "CAN"]

1. e4 e5 2. Nc3 Nc6 3. f4 exf4 4. Qf3 Nf6 5. Qxf4 Bc5 6. Nf3 O-O 7. Bc4 d6 8.
d3 h6 9. Qg3 Nh5 10. Qh4 Qxh4+ 11. Nxh4 Be6 12. Bb5 Nd4 13. Ba4 Rad8 14. Be3
Nxc2+ 15. Bxc2 Bxe3 16. Nd5 Bxd5 17. exd5 Rfe8 18. Kf1 c6 19. dxc6 bxc6 20. Nf5
Bb6 21. Bb3 d5 22. Ba4 Re5 23. Nh4 Rd6 24. Nf3 Rf6 25. Bxc6 Re7 26. Bxd5 g5 27.
Re1 Rxe1+ 28. Kxe1 Nf4 29. Be4 Nxg2+ 30. Kf1 Nh4 31. Ke2 Re6 32. Nxh4 gxh4 33.
Kd2 Ba5+ 34. Kd1 Rb6 35. b3 Rb5 36. Rg1+ Rg5 37. Rxg5+ hxg5 38. a3 Kg7 39. b4
Bd8 40. h3 Kf6 41. Ke2 Ke5 42. Ke3 f5 43. Bf3 Bb6+ 44. Ke2 Kf4 45. a4 g4 46.
Bg2 Kg3 47. Kf1 gxh3 48. Bxh3 Kxh3 49. a5 Bd4 50. b5 Kg3 51. Ke2 h3 52. Kd2 h2
53. Kc2 h1=Q 54. Kb3 Qd5+ 55. Kb4 Bc5+ 56. Kc3 Qd4+ 57. Kc2 Qb4 58. Kc1 Qxb5
59. a6 f4 60. Kd2 f3 61. Ke1 f2+ 62. Ke2 Kg2 63. Kd2 f1=Q 64. Kc2 Qf2+ 65. Kc3
Qb4# 0-1

[Event "CYCC U10 w"]
[Site "Calgary CAN"]
[Date "2023.07.20"]
[Round "4.159"]
[White "Chen, Karen"]
[Black "Peng, Anny"]
[Result "1-0"]
[WhiteElo "892"]
[BlackElo "561"]
[PlyCount "123"]
[EventDate "2023.07.19"]
[EventType "swiss"]
[EventRounds "7"]
[EventCountry "CAN"]

1. d4 Nf6 2. Bf4 e6 3. e3 d5 4. Nd2 Bd7 5. Ngf3 Bb4 6. c3 Ba5 7. Bd3 a6 8. O-O
Bb5 9. c4 Bd7 10. Nb3 Ba4 11. Re1 O-O 12. Nfd2 Bxd2 13. Qxd2 Bxb3 14. axb3 Nc6
15. e4 Nxd4 16. Bc2 dxe4 17. Bxe4 Nxe4 18. Rxe4 Nxb3 19. Qxd8 Rfxd8 20. Rae1
Rd7 21. h3 Nd2 22. Bxd2 Rxd2 23. b3 b5 24. Rc1 Rc8 25. cxb5 axb5 26. Rc5 c6 27.
Kf1 h6 28. Rb4 Ra8 29. g3 Raa2 30. Rf4 Ra1+ 31. Kg2 Rdd1 32. Rxc6 Rg1+ 33. Kf3
Kh7 34. Rxf7 Kg6 35. Re7 Kh7 36. Rexe6 Rab1 37. Re3 Rbd1 38. Re7 Rd3+ 39. Ke2
Rgd1 40. Rcc7 Kg6 41. Rxg7+ Kf6 42. Rcf7+ Ke6 43. Re7+ Kf6 44. Ref7+ Ke6 45.
Rf8 R1d2+ 46. Kf1 Rd1+ 47. Kg2 Rxb3 48. Rh7 Rb2 49. Rxh6+ Kd7 50. Rf7+ Ke8 51.
Rb7 Rd7 52. Rh8+ Ke7 53. Rh7+ Kd6 54. Rhxd7+ Kc6 55. Rdc7+ Kd6 56. h4 Ra2 57.
Rg7 Ke6 58. Rb6+ Kd5 59. Rxb5+ Kc4 60. Rf5 Kd3 61. Rd7+ Ke2 62. Re5# 1-0